000 00923nam a2200229Ia 4500
003 OSt
005 20200819155832.0
008 191128s1996 ck gr 000 0 spa d
040 _aCo-JMCR
_cCo-JMCR
041 0 _aspa
082 0 4 _a368.4 /
_bO686b
_223
110 1 _aOrganización Iberoamericana de Seguridad Social
_98919
245 1 0 _aBanco de información de los sistemas de seguridad social iberoamericanos /
_cOrganización Iberoamericana de Seguridad Social
260 _aMadrid :
_bOrganización Iberoamericana de Seguridad Social,
_c1996.
300 _a258 páginas ;
_c 30 x 21 cm.
505 0 _aInformación comparada de los sistemas de seguridad social iberoamericanos -- Plan estadístico iberoamericano de seguridad social
650 2 4 _aSeguridad social
_96217
650 2 4 _aPrestaciones económicas
_98920
650 2 4 _aEmpresas de servicios
_98921
650 2 4 _aBases de datos
_91875
942 _2ddc
_cBK
999 _c6033
_d6033